Political Parties of Spain Quiz - Statistics

General Stats
  • This quiz has been taken 69 times
  • The average score is 15 of 37
Answer Stats
Hint Answer % Correct
Split from the previous. Is far right with a growing supporter base Vox
98%
Main opposition Partido Popular
92%
Primary party in government Partido Socialista Obrero Español
90%
Region of Spain that has been most vocal about independance Catalunya en Comú–Podem
80%
Centre-Right party Ciudadanos
71%
Centre-Left party advocating for the independance of a certain region. Esquerra Republicana de Catalunya–Catalunya Sí
69%
Christian democracy party that also advocates for separatism Euzko Alderdi Jeltzalea
64%
Progressive version of the above Euskal Herria Bildu
61%
Left leaning party advocating for Galician seperatism Bloque Nacionalista Galego
59%
Also part of said coalition Chunta Aragonesista
58%
In a coalition with the current governing party Unidas Podemos
54%
Party that advocates for Canary seperatism (not the bird) Coalición Canaria
51%
An area once the junior partner of the Iberian wedding. Part of a coalition government in its local parliament Partido Aragonés
51%
A city located in this region Por Ávila
51%
A liberal-right party that also advocates for the independance of a certain region. Junts per Catalunya
46%
Party founded based on the unfair treatment of a province ¡Teruel existe!
46%
An environmentalist party Más País-Equo
41%
Another regionalist party. This time it's based on the North coast Partido Regionalista de Cantabria
41%
Capital city Más Madrid
37%
Left leaning group of independant parties Coalició Compromis
36%
Regionalist party located in an area on the border of France Navarra Suma
34%
Far left seperatist party Candidatura d'Unitat Popular
32%
The largest of the below island chain Més per Mallorca
25%
Another island that is part of said chain Més per Menorca
22%
Region of Southern Spain that was once the bastion of Islam Adelante Andalucía
20%
Autonomous region on the north coast of Spain Foro Asturias
20%
Island group off the coast of North Africa Nueva Canarias
19%
Province on the border with France Unión del Pueblo Navarro
19%
Another region close to France Geroa Bai
17%
Left wing party in said island group Agrupación Socialista Gomera
14%
Mountainous region on the north coast of Spain Partido Regionalista de Cantabria
14%
North western region with close ties to Castile Unión del Pueblo Leonés
12%
Most southwestern island of the chain Gent per Formentera
5%
Coalition in border province Izquierda-Ezkerra
2%
City located in this region on the Douro river Soria ¡Ya!
2%
Island group off the coast of North Africa Acuerdo de Unidad Nacionalista
0%
An island chain of the coast of eastern Spain Proposta per les Illes
0%
No matching quizzes found
Score Distribution
Percent of People with Each Score
Percentile by Number Answered
Your Score History
You have not taken this quiz